Normal view
MARC view
- Gray, Glifford F
Entry Personal Name
001 - CONTROL NUMBER
- control field: 107125
003 - CONTROL NUMBER IDENTIFIER
- control field: NUST
005 - DATE AND TIME OF LATEST TRANSACTION
- control field: 20230119140939.0
008 - FIXED-LENGTH DATA ELEMENTS
- fixed length control field: 230119|| aca||aabn | a|a d
040 ## - CATALOGING SOURCE
- Original cataloging agency: NUST
- Transcribing agency: NUST
100 ## - HEADING--PERSONAL NAME
- Personal name: Gray, Glifford F
670 ## - SOURCE DATA FOUND
- Source citation: Work cat.: (NUST): Gray, Glifford F., Project Management: , 2014
